000 00574nam a2200229Ia 4500
003 OSt
005 20220924141905.0
006 a|||||r|||| 00| 0
007 ta
008 220923b |||||||| |||| 00| 0 ben d
024 _a299675
037 _cTextual
040 _aARTS
_cARTS
_bben
041 _2ben
_aben
082 _aQ4:(R), P7
100 _aChakma Niru Kumar
_9212670
245 0 _aBuddha
_b Dharma o darshan
260 _c1958
650 _aBENGALI LITERATURE
942 _hQ4:(R), P7
_cTEXL
_2CC
999 _c448599
_d448599